000 00262nam a2200097Ia 4500
008 230508s1990 xx 000 0 und d
041 _aeng
100 _aGRMBLEBY J.B.
245 _aCM- AIDED ANALYSIS & DESIGN OF ELETRO NETWORK
260 _bPITMAN BOOKS,LTD.
_c1990
999 _c323764
_d323764